Effectif des San Antonio Spurs 2024/2025 - Statistiques

Statistiques générales
  • Ce quiz a été pris 112 fois
  • Le résultat moyen est 9 sur 19
Statistiques - réponses
Nationalité Poste Joueur Date de naissance % Correct
Français AF/P Victor Wembanyama 04/01/2004
98%
Polonais AF Jeremy Sochan 20/05/2003
86%
Américain MJ Chris Paul 06/05/1985
85%
Américain MJ/A Stephon Castle 01/11/2004
83%
Américain A Devin Vassell 23/08/2000
77%
Américain AI Harrison Barnes 30/05/1992
72%
Américain AI/AF Keldon Johnson 11/10/1999
67%
Américain AI Julian Champagnie 29/06/2001
52%
Américain P Zach Collins 19/11/1997
47%
Français AF Sidy Sissoko 02/04/2004
43%
Américain MJ Tre Jones 08/01/2000
42%
Géorgien P Sandro Mamukelashvili 23/05/1999
41%
Américain A Malaki Branham 12/05/2003
26%
Nigerian P Charles Bassey 28/10/2000
24%
Américain MJ/A Blake Wesley 16/03/2003
23%
Américain AI/AF Harrison Ingram 27/11/2002
16%
Américain A/AI David Duke Jr 13/10/1999
11%
Américain A Brandon Boston Jr 28/11/2001
0%
Américain MJ Malachi Flynn 10/05/1998
0%
Aucun quiz correspondant
Distribution des résultats
% des personnes avec chaque résultat
Percentile par nombre de réponses
Votre historique - résultats
Vous n’avez pas pris ce quiz